KOHA-Header-6

Microeconomic Analysis (Record no. 12279)

000 -LEADER
fixed length control field 00289nam a22001337a 4500
020 ## - INTERNATIONAL STANDARD BOOK NUMBER
ISBN 9788130908632
082 ## - DEWEY DECIMAL CLASSIFICATION NUMBER
Classification number 338.5
100 ## - MAIN ENTRY--AUTHOR NAME
Personal name Hal R. Varian
245 ## - TITLE STATEMENT
Title Microeconomic Analysis
250 ## - EDITION STATEMENT
Edition statement 3rd
260 ## - PUBLICATION, DISTRIBUTION, ETC. (IMPRINT)
Place of publication India
Name of publisher VIVA Books
Year of publication 2016
300 ## - PHYSICAL DESCRIPTION
Number of Pages 557 pages.
942 ## - ADDED ENTRY ELEMENTS (KOHA)
Koha item type Economics
Holdings
Withdrawn status Lost status Collection code Permanent Location Current Location Shelving location Date acquired Cost, normal purchase price Full call number Accession Number Koha item type
    Economics MAJU MAJU Shelf No.A39 REF 2020-02-25 1110.00 338.5 9548 Economics

Powered by Koha